Contemporary labour economics / (Record no. 9684)
[ view plain ]
| 000 -LEADER | |
|---|---|
| fixed length control field | 01467nam a22002057a 4500 |
| 005 - DATE AND TIME OF LATEST TRANSACTION | |
| control field | 20230614143508.0 |
| 008 - FIXED-LENGTH DATA ELEMENTS--GENERAL INFORMATION | |
| fixed length control field | 230614b ||||XCV | |||| 00| 0 eng d |
| 020 ## - INTERNATIONAL STANDARD BOOK NUMBER | |
| International Standard Book Number | 9780073511320 |
| 050 ## - LIBRARY OF CONGRESS CALL NUMBER | |
| Classification number | HD4901.M15(8e) |
| 100 ## - MAIN ENTRY--PERSONAL NAME | |
| 9 (RLIN) | McConnell, Campbell R. |
| 245 ## - TITLE STATEMENT | |
| Title | Contemporary labour economics / |
| Statement of responsibility, etc. | Campbell R. McConnell et al .- |
| 250 ## - EDITION STATEMENT | |
| Edition statement | 8th ed. |
| 260 ## - PUBLICATION, DISTRIBUTION, ETC. | |
| Place of publication, distribution, etc. | New York |
| Name of publisher, distributor, etc. | McGraw-Hill, Higher Education, |
| Date of publication, distribution, etc. | 2009. |
| 300 ## - PHYSICAL DESCRIPTION | |
| Extent | xiv, 625 p.: |
| Other physical details | ll.; |
| Dimensions | 24 cm. |
| 500 ## - GENERAL NOTE | |
| General note | Includes glossary and index. |
| 505 ## - FORMATTED CONTENTS NOTE | |
| Formatted contents note | Content: Labor economics : Introduction and overview -- The theory of individual labor supply -- Population, participation rates, and hours of work -- Labor quality: Investing in human capital -- The demand for labor -- Wage determination and allocation of labor -- Alternative pay scheme and labor efficiency -- Wage structure -- Mobility, migration, and efficiency -- Labor union and collective bargaining -- The economic impact of union -- Government and the labor market: Employment, expenditure, and taxation -- Government and the labor market: Legislation and regulation -- Labor market discrimination -- Job search: External and internal -- The distribution of personal earning -- Labor productivity: Wages, prices, and employment -- Employment and unemployment -- Information sources in labor economics. |
| 700 ## - ADDED ENTRY--PERSONAL NAME | |
| Personal name | Brue, Stanley L. |
| 9 (RLIN) | 1630 |
| 700 ## - ADDED ENTRY--PERSONAL NAME | |
| Personal name | Macpherson, David A. |
| 9 (RLIN) | 1635 |
| 942 ## - ADDED ENTRY ELEMENTS (KOHA) | |
| Source of classification or shelving scheme | Library of Congress Classification |
| Koha item type | Books |
| Edition | 8th ed. |
| Classification part | HD4901. M15(8e) |
| Withdrawn status | Lost status | Source of classification or shelving scheme | Damaged status | Not for loan | Home library | Current library | Shelving location | Date acquired | Total Checkouts | Full call number | Barcode | Date last seen | Copy number | Price effective from | Koha item type |
|---|---|---|---|---|---|---|---|---|---|---|---|---|---|---|---|
| Library of Congress Classification | WISCONSIN INTERNATIONAL UNIVERSITY COLLEGE, GHANA - MAIN LIBRARY | WISCONSIN INTERNATIONAL UNIVERSITY COLLEGE, GHANA - MAIN LIBRARY | General Stacks | 14/06/2023 | HD4901. M15(8e) | 9469/170/23 | 14/06/2023 | 1 | 14/06/2023 | Books | |||||
| Library of Congress Classification | WISCONSIN INTERNATIONAL UNIVERSITY COLLEGE, GHANA - MAIN LIBRARY | WISCONSIN INTERNATIONAL UNIVERSITY COLLEGE, GHANA - MAIN LIBRARY | General Stacks | 14/06/2023 | HD4901. M151(8e) | 9468/169/23 | 14/06/2023 | 2 | 14/06/2023 | Books |
